| 000 | 00465nam a2200193Ia 4500 | ||
|---|---|---|---|
| 003 | GCL | ||
| 008 | 140319s9999 xx 000 0 eng d | ||
| 040 |
_aGCL / _cGCL |
||
| 082 | 0 | 4 |
_a759 _bV C |
| 100 | 1 | _aVERDI, RICHARD | |
| 245 | 1 | 0 |
_aCEZANNE / _cVERDI, RICHARD |
| 260 |
_a[S.N] : _bTHAMES AND HUDSON ، _c1992 |
||
| 300 | _a216 PP | ||
| 650 | 0 | 4 | _aCEZANNE, PAUL 1839 - 1906 |
| 650 | 0 | 4 | _aARTS |
| 650 | 0 | 4 | _aPAINTING |
| 650 | 0 | 4 | _aPAINTERS |
| 942 |
_2ddc _cBK |
||
| 999 |
_c18839 _d18839 |
||